000 00924nam a22003017a 4500
005 20230512223106.0
008 190511t xxu||||| |||| 00| 0 eng d
020 _a9781635496048
040 _cCSPC
082 0 _a642.7
_bC860
245 0 0 _aCreative table settings
260 _aNew York :
_bLarsen & Keller Education,
_c2017.
300 _aVI, 230 pages:
_bcolored illustrations, images, tables ;
_c26 cm.
336 _2rdacontent
_atext
337 _2rdamedia
_aunmediated
338 _2rdacarrier
_avolume
500 _aIncludes bibliographical references and index.
650 1 0 _aTable setting and decoration.
650 1 0 _aTable etiquette.
650 1 0 _aDinners and dining.
650 1 0 _aFood portions.
700 1 _aMelanie Simon
_eeditor
940 _aLenie
940 _a123
942 _cBOOK
_jCIR 642.7 C860 2017
999 _c8536
_d8536